Statistics for Animals That Have 'Sea' in Their Name

Click here to take the quiz!

General Stats

  • This quiz has been taken 170 times
  • The average score is 8 of 14

Answer Stats

Answer% Correct
Seahorse
99%
Sea Turtle
96%
Seal
95%
Seagull
92%
Sea Lion
82%
Sea Otter
81%
Sea Urchin
76%
Steller's Sea Eagle
46%
Sea Cow
42%
Sea Cucumber
39%
Leafy Sea Dragon
35%
Sea Pig
15%
Sea Pen
6%
Sea Hare
4%

Score Distribution

Percentile by Number Answered

Percent of People with Each Score

Your Score History

You have not taken this quiz